Lanean...

End of an epoch tr by Gopalakrishna Gandhi /

Xehetasun bibliografikoak
Egile nagusia: Gandhi, Manubahen
Hizkuntza:Undetermined
Argitaratua: 1962.
Gaiak:
LEADER 00426nam a2200145Ia 4500
001 7151
008 170722s9999 xx 000 0 und d
100 |a Gandhi, Manubahen 
245 |a End of an epoch tr by Gopalakrishna Gandhi / 
260 |c 1962. 
653 |a Biography 
653 |a Gandhiana 
942 |c GEN 
999 |c 71440  |d 71440 
952 |0 0  |1 0  |4 0  |6 ZGW_K23  |7 0  |9 101394  |a LIB  |b LIB  |d 2013-03-25  |o zGw K23  |p 119163  |r 2017-08-12  |w 2017-08-12  |y GEN